Sự biến đổi các giá trị văn hóa trong bối cảnh xây dựng nền kinh tế thị trường ở Việt Nam
Đã lưu trong:
| Tác giả chính: | |
|---|---|
| Định dạng: | Sách |
| Ngôn ngữ: | Vietnamese |
| Được phát hành: |
Hà Nội
từ điển bách khoa và viện văn hóa
2008
|
| Những chủ đề: | |
| Các nhãn: |
Thêm thẻ
Không có thẻ, Là người đầu tiên thẻ bản ghi này!
|
| Thư viện lưu trữ: | Trung tâm Học liệu Lê Vũ Hùng, Trường Đại học Đồng Tháp |
|---|
| LEADER | 00878aam a22002418a 4500 | ||
|---|---|---|---|
| 001 | 00042450 | ||
| 005 | 20181025101010.0 | ||
| 008 | 120403s2007 ||||||viesd | ||
| 020 | # | # | |c 98000 |
| 041 | 0 | # | |a vie |
| 082 | 1 | 4 | |a 306.095 97 |b S550B |
| 100 | 1 | # | |a Nguyễn, Duy Bắc |e chủ biên |
| 245 | 1 | 0 | |a Sự biến đổi các giá trị văn hóa trong bối cảnh xây dựng nền kinh tế thị trường ở Việt Nam |c Nguyễn Duy Bắc |
| 260 | # | # | |a Hà Nội |b từ điển bách khoa và viện văn hóa |c 2008 |
| 300 | # | # | |a 555 tr. |c 21 cm. |
| 653 | # | # | |a Chính sách |
| 653 | # | # | |a Giá trị |
| 653 | # | # | |a Phát triển |
| 653 | # | # | |a Việt Nam |
| 653 | # | # | |a Văn hóa |
| 852 | # | # | |j KD.0024152 |
| 910 | 0 | # | |d 1/10/2018 |
| 980 | # | # | |a Trung tâm Học liệu Lê Vũ Hùng, Trường Đại học Đồng Tháp |